• 首页
  • 本馆介绍
  • 公告通知
  • 最新文献
  • 馆藏检索
  • 电子资源
  • 读者导购
  • 参考咨询
  • 我的图书馆
  • 登录
  • 详细信息显示
  • 放入我的书架
  • 预约/预借图书
  • 作者相关作品
  • 分类相关作品
  • 丛书相关作品
  • 出版社相关作品

书目信息

  • 表格格式
  • 工作单格式
  • 卡片格式
题名:
机电一体化技术
    
 
作者: 邱士安 主编
分册:  
出版信息: 西安   西安电子科技大学出版社  2004.08
页数: 243页
开本: 26cm
丛书名:
单 册:
中图分类: TH-39
科图分类:
主题词: 机电一体化--高等职业教育--教材 , 机电一体化
电子资源:
ISBN: 978-7-5606-1437-3
000 00895nam0 2200265 450
001 012013052770
005 20170327095748.10
010    @a978-7-5606-1437-3@dCNY24.00
100    @a20130418e20122004em y0chiy50 ea
101 0  @achi
102    @aCN@b610000
105    @aak z 000yy
106    @ar
200 1  @a机电一体化技术@9ji dian yi ti hua ji shu@f邱士安主编
210    @a西安@c西安电子科技大学出版社@d2004.08@h2012.09重印
215    @a243页@c图@d26cm
300    @a高职高专系列规划教材
330    @a本书以机电一体化系统的组成技术为对象,从应用的角度出发,分别介绍了机电一体化产品的系统模型和设计方法、典型机械结构设计、检测及信号处理等内容,并列举了大量实例。
333    @a高职
606 0  @a机电一体化@x高等职业教育@j教材
606 0  @a机电一体化
690    @aTH-39@v5
701  0 @a邱士安@9qiu shi an@4主编
801  0 @aCN@b人天书店@c20130418
905    @b982104-07@dTH-39@e44@f4
    
    机电一体化技术/邱士安主编.-西安:西安电子科技大学出版社,2004.08(2012.09重印)
    243页:图;26cm
    高职高专系列规划教材.-使用对象:高职
    
    ISBN 978-7-5606-1437-3:CNY24.00
    本书以机电一体化系统的组成技术为对象,从应用的角度出发,分别介绍了机电一体化产品的系统模型和设计方法、典型机械结构设计、检测及信号处理等内容,并列举了大量实例。
●
相关链接 在E读中查询图书 在五车中查询图书 在当当中查询图书 在豆瓣中查询图书


正题名:机电一体化技术     索取号:TH-39/44         预约/预借

序号 登录号 条形码 馆藏地/架位号 状态 备注
1 982104   209821040   第二样本阅览室/ [索取号:TH-39/44] 在馆    
2 982105   209821059   密集书库-物理学院/ [索取号:TH-39/44] 在馆    
3 982106   209821068   第三借阅区/ [索取号:TH-39/44] 在馆    
4 982107   209821077   第三借阅区/ [索取号:TH-39/44] 在馆    
唐山师范学院图书馆 欢迎您!
大连网信软件有限公司© 版权所有